000 00542nam a2200205Ia 4500
005 20260429112215.0
008 260429s9999||||xx |||||||||||||| ||und||
020 _a9789357510592
041 _aEnglish
082 _a572.51
_bSIN
100 _aSingh, Chandrama
245 0 _aBiomineralization /
_cChandrama Singh
250 _a1st ed.
260 _aNew Delhi :
_bRandom Publications,
_c2024.
300 _aix, 304 p.; hb
650 _a Bioinorganic chemistry
650 _a Biomineralization
650 _aBiochemistry
942 _cTB
999 _c52898
_d52898